श्री ज्ञानेश्वरी सुलभ गद्यरुपांतर (Record no. 53801)

MARC details
000 -LEADER
fixed length control field 00699nam a2200229Ia 4500
005 - DATE AND TIME OF LATEST TRANSACTION
control field 20250718110016.0
041 ## - LANGUAGE CODE
Language code of text/sound track or separate title mar
082 ## - DEWEY DECIMAL CLASSIFICATION NUMBER
Classification number M2G
Item number JNA/BHI
008 - FIXED-LENGTH DATA ELEMENTS--GENERAL INFORMATION
fixed length control field 250718s9999||||xx |||||||||||||| ||und||
100 ## - MAIN ENTRY--PERSONAL NAME
Personal name ज्ञानेश्वर
245 #0 - TITLE STATEMENT
Title श्री ज्ञानेश्वरी सुलभ गद्यरुपांतर
Statement of responsibility, etc. Shri Dnyaneshvari Sulabha Gadyarupantar
250 ## - EDITION STATEMENT
Edition statement 5th ed
260 ## - PUBLICATION, DISTRIBUTION, ETC.
Place of publication, distribution, etc. Pune
Name of publisher, distributor, etc. N A Kakatkar
Date of publication, distribution, etc. 2001
300 ## - PHYSICAL DESCRIPTION
Extent 524 p.
650 ## - SUBJECT ADDED ENTRY--TOPICAL TERM
Topical term or geographic name entry element Hinduism
650 ## - SUBJECT ADDED ENTRY--TOPICAL TERM
Topical term or geographic name entry element Bhagavad Gita
650 ## - SUBJECT ADDED ENTRY--TOPICAL TERM
Topical term or geographic name entry element Dnyaneshvari
700 ## - ADDED ENTRY--PERSONAL NAME
Personal name देशमुख, केशवंराव
700 ## - ADDED ENTRY--PERSONAL NAME
Personal name Dnyaneshwar
700 ## - ADDED ENTRY--PERSONAL NAME
Personal name Deshmukh, Keshavrao
942 ## - ADDED ENTRY ELEMENTS (KOHA)
Koha item type Book
Holdings
Withdrawn status Lost status Source of classification or shelving scheme Damaged status Not for loan Collection code Home library Current library Shelving location Date acquired Cost, normal purchase price Total Checkouts Full call number Barcode Date last seen Price effective from Koha item type
Available Not Lost Dewey Decimal Classification   Available for loan Hinduism Bhavans Library Bhavans Library Regular Library 07/18/2025 160.00   M2G/JNA/DES/88397 88397 07/18/2025 07/18/2025 Book

Copyright © All Rights Reserved www.bhavanslibrary.org